000 00325 a2200157 4500
001 58675
020 _a8500314753
040 _cAnchieta - Pituba
100 _aQueirós, Eça de
240 1 0 _aA relíquia
_lpor
245 1 0 _aA relíquia
300 _a254
362 0 _a1997
650 4 _aFicção portuguesa
942 _cBK
999 _c58675
_d58675